Η Κοινότητα των Δώδεκα : αριθμοί-κλειδιά
Saved in:
| Corporate Author: | |
|---|---|
| Format: | Book |
| Language: | Greek |
| Published: |
Αθήνα :
Υπηρεσία Επισήμων Εκδόσεων των Ευρωπαϊκών Κοινοτήτων,
1989
|
| Series: | Ευρωπαϊκά Θέματα
|
| Subjects: | |
| Tags: |
Add Tag
No Tags, Be the first to tag this record!
|
MARC
| LEADER | 00000nam a2200000 i 4500 | ||
|---|---|---|---|
| 001 | 1/23687 | ||
| 008 | 970521s1989 gre d | ||
| 035 | |l 10022132 | ||
| 040 | |a GR-MY-UA |b gre |e aacr | ||
| 041 | 0 | |a gre | |
| 082 | 0 | |a 337.142 | |
| 110 | 2 | |a Επιτροπή των Ευρωπαϊκών Κοινοτήτων. | |
| 245 | 1 | 2 | |a Η Κοινότητα των Δώδεκα : |b αριθμοί-κλειδιά |
| 260 | |a Αθήνα : |b Υπηρεσία Επισήμων Εκδόσεων των Ευρωπαϊκών Κοινοτήτων, |c 1989 | ||
| 300 | |a 31 σ. | ||
| 490 | 1 | |a Ευρωπαϊκά Θέματα | |
| 500 | |a Μάρτιος 1989, 3-4/89 | ||
| 650 | 0 | 0 | |a European communities. |
| 651 | 0 | |a European Economic Community countries. | |
| 830 | 0 | |a Ευρωπαϊκά Θέματα | |
| 852 | |a INST |b CHIOS |e 19970521 |h 337.142 ΚΟΙ |p 005200010598 |q 005200010598 |t BK |y 0 | ||
| 909 | |a Χ |b 048174 | ||